Statistics for Hammersmith & City Line (Any Order)

Click here to take the quiz!

General Stats

  • This quiz has been taken 14 times
  • The average score is 27 of 29

Answer Stats

Answer% Correct
Aldgate East
100%
Baker Street
100%
Barbican
100%
Farringdon
100%
Great Portland Street
100%
Hammersmith
100%
Liverpool Street
100%
Mile End
100%
Moorgate
100%
Paddington
100%
Whitechapel
100%
Barking
90%
Bow Road
90%
Bromley-By-Bow
90%
East Ham
90%
Edgware Road
90%
Euston Square
90%
King's Cross
90%
Latimer Road
90%
Shepherd's Bush Market
90%
Stepney Green
90%
Upton Park
90%
Westbourne Park
90%
West Ham
90%
Wood Lane
90%
Goldhawk Road
80%
Ladbroke Grove
80%
Plaistow
80%
Royal Oak
60%

Score Distribution

Percentile by Number Answered

Percent of People with Each Score

Your Score History

You have not taken this quiz